000 01076nam a22002897a 4500
001 6275
003 FISKH
005 20250408093529.0
008 250408b cb ||||| |||| 00| 0 eng d
020 _a9780545395519
040 _aFISKH
_beng
_cFISKH
_dFISKH
050 _aPZ7.F653 B
082 _a813.6
100 _aFolan, Langhorne Karyn
245 _aBreaking Point /
_cKaryn Langhorne Folan & Paul Langan
250 _aThis edition first published in 2012
260 _aNew York :
_bScholastic,
_c2011
300 _a150 pages :
_c18 cm
505 _aP
520 _aVicky Fallon feels her life spinning out of control when her father loses her job, her troubled little brother is kicked out of school, her grades start to fall, and her parents start to fight, and as she struggles to hold everything together, Vicky fears she is about to lose everything.
521 8 _a600
_bLexile
521 8 _aP
_bRaz-Plus
650 _2Bluford High
_aFamily & Growing Up
650 _2Urban fiction
_aChoices & Transitions
942 _2ddc
_cBK
_n0
999 _c6275
_d6275